| 000 | 00569nam a2200241Ia 4500 | ||
|---|---|---|---|
| 003 | 0100 | ||
| 008 | 130303s9999 xx 000 0 und d | ||
| 020 | _a1563380692 | ||
| 040 | _cARRUPELIB | ||
| 050 | _aBL80.2.R35 1993 | ||
| 100 | _aRausch, David A | ||
| 245 | _aWorld religions | ||
| 245 | _bour quest for meaning | ||
| 250 | _aTrinity Press ed. | ||
| 260 | _aValley Forge | ||
| 260 | _bTrinity Press International | ||
| 260 | _C1993 | ||
| 300 | _axv | ||
| 300 | _b 212p. 22cm. | ||
| 650 | _aRELIGION | ||
| 700 | _aVoss , Carl Hermann | ||
| 942 | 0 | 0 | _011 |
| 999 |
_c7969 _d7969 |
||